000 01002nam a22002657a 4500
001 BD-DhSAU 9278
003 BD-DhSAU
005 20260512115629.0
008 260512b2018 bg a|||| m||| 00| 0 eng d
040 _aBD-DhSAU
082 _222
_a631.4
_bSi76
100 _aPUTLY, SIRATUN NAHER
_eRegistration # 22010115
245 _aEffect of organic fertilizer and potassium on growth and yield of potato /
_bMS thesis
260 _aSher-e-Bangla Agricultural University;
_bDepartment of Soil Science, ;
_c2024.
300 _avi, 63p. :
_bill. ;
_c30 cm.
500 _aMS thesis of Department of Soil Science, ;, Faculty of Agriculture. Sher-e-Balgla Agricultural University Dhaka-1207
504 _aIncludes bibliographical reference.
590 _aNazmul
650 _aorganic fertilizer
650 _apotassium on growth and yield of potato
700 _aProf. Mst. Afrose Jahan
_eSuperviser
710 _eCo-Superviser
_aProf. Dr. Alok Kumar Paul
942 _2ddc
_cTHESIS
999 _c18385
_d18384